ASOIAF Known Poisons Quiz Stats

Quiz not verified by Sporcle

Challenge
Share
Tweet
Embed
Score 0/12 Timer 10:00
0 Plays Today
Answer % Correct
Tears of Lys
81.6%
The Strangler
81.4%
Manticore venom
28%
Nightshade
28%
Sweetsleep
26.2%
Basilisk venom
19.5%
Widow's Blood
17%
Wolfsbane
16.8%
Greycap
9%
Blindeye
8.5%
Heart's Bane
8.3%
Demon's Dance
7.4%

You're not logged in!

Compare scores with friends on all Sporcle quizzes.
Sign Up with Email
OR
Log In

You Might Also Like...

Show Comments

Extras

Top Quizzes Today


Score Distribution

Your Account Isn't Verified!

In order to create a playlist on Sporcle, you need to verify the email address you used during registration. Go to your Sporcle Settings to finish the process.